[Event "BEL-chT 2223"]
[Site "Belgium"]
[Date "2023.03.19"]
[Round "9.1"]
[White "Michiels, Bart"]
[Black "Schoppen, Casper"]
[Result "1/2-1/2"]
[WhiteElo "2571"]
[BlackElo "2497"]
[PlyCount "119"]
[EventDate "2022.09.25"]
[EventType "team-tourn"]
[EventRounds "11"]
[EventCountry "BEL"]
[SourceTitle "CBM 213 Extra"]
[Source "ChessBase"]
[SourceDate "2023.05.31"]
[SourceVersion "1"]
[SourceVersionDate "2023.05.31"]
[SourceQuality "1"]
[WhiteTeam "Wachtebeke"]
[BlackTeam "KGSRL"]
[WhiteTeamCountry "BEL"]
[BlackTeamCountry "BEL"]

1. d4 Nf6 2. c4 e6 3. Nc3 Bb4 4. Qc2 d5 5. cxd5 exd5 6. Bg5 h6 7. Bh4 Nc6 8. e3 g5 9. Bg3 h5 10. Bd3 h4 11. Be5 Nxe5 12. dxe5 Nd7 13. a3 Ba5 14. f4 c6 15. Nf3 gxf4 16. exf4 Nc5 17. b4 Nxd3+ 18. Qxd3 Bb6 19. Na4 Bg4 20. Nd4 Qe7 21. Rc1 h3 22. g3 Bxd4 23. Qxd4 a5 24. Nb6 Ra6 25. 0-0 axb4 26. e6 0-0 27. f5 Be2 28. Nd7 fxe6 29. Nxf8 e5 30. f6 Qxf6 31. Qxb4 Qg5 32. Rce1 Bxf1 33. Ne6 c5 34. Qxc5 Rxe6 35. Qxd5 Qf6 36. Rxf1 Qe7 37. Rb1 Qd6 38. Qxd6 Rxd6 39. Rxb7 Rd2 40. Re7 Rg2+ 41. Kf1 Rxh2 42. Rxe5 Ra2 43. Rh5 Rxa3 44. Rxh3 Kg7 45. Kg2 Ra2+ 46. Kf3 Ra3+ 47. Kg4 Ra4+ 48. Kg5 Ra5+ 49. Kh4 Ra8 50. g4 Rh8+ 51. Kg3 Rxh3+ 52. Kxh3 Kg6 53. Kh4 Kh6 54. g5+ Kg6 55. Kg4 Kg7 56. Kf5 Kf7 57. g6+ Kg7 58. Kg5 Kg8 59. Kf6 Kh8 60. Kf7 1/2-1/2

[Event "BEL-chT 2223"]
[Site "Belgium"]
[Date "2022.12.04"]
[Round "5.5"]
[White "Miezis, Normunds"]
[Black "Michiels, Bart"]
[Result "1/2-1/2"]
[WhiteElo "2440"]
[BlackElo "2571"]
[PlyCount "68"]
[EventDate "2022.09.25"]
[EventType "team-tourn"]
[EventRounds "11"]
[EventCountry "BEL"]
[SourceTitle "CBM 213 Extra"]
[Source "ChessBase"]
[SourceDate "2023.05.31"]
[SourceVersion "1"]
[SourceVersionDate "2023.05.31"]
[SourceQuality "1"]
[WhiteTeam "Charleroi CREC"]
[BlackTeam "Wachtebeke"]
[WhiteTeamCountry "BEL"]
[BlackTeamCountry "BEL"]

1. c4 e6 2. e4 d5 3. exd5 exd5 4. d4 Nf6 5. Nc3 Bb4 6. Bd3 dxc4 7. Bxc4 0-0 8. Nge2 Nbd7 9. Bg5 Nb6 10. Bb3 Qd6 11. 0-0 Nbd5 12. Qd3 c6 13. Ng3 Ba5 14. Rfe1 h6 15. Bd2 Bc7 16. Nxd5 Nxd5 17. a3 a5 18. Bc2 f5 19. Re2 Bd7 20. Rae1 Rae8 21. Rxe8 Bxe8 22. Qf3 Bg6 23. Bb3 Kh8 24. Bxd5 cxd5 25. Re5 f4 26. Nh5 Qb6 27. Nxf4 Kh7 28. Re7 Bxf4 29. Bxf4 Qf6 30. Bd6 Rc8 31. Rc7 Rxc7 32. Bxc7 Qxf3 33. gxf3 a4 34. Kg2 Kg8 1/2-1/2

[Event "Ghent op 43rd"]
[Site "Ghent"]
[Date "2022.07.23"]
[Round "8"]
[White "Flom, Gabriel"]
[Black "Michiels, Bart"]
[Result "0-1"]
[WhiteElo "2410"]
[BlackElo "2571"]
[PlyCount "110"]
[EventDate "2022.07.20"]
[EventType "swiss"]
[EventRounds "9"]
[EventCountry "BEL"]
[SourceTitle "CBM 209 Extra"]
[Source "ChessBase"]
[SourceDate "2022.09.30"]
[SourceVersion "1"]
[SourceVersionDate "2022.09.30"]
[SourceQuality "1"]

1. d4 d5 2. c4 e6 3. Nc3 Nf6 4. cxd5 exd5 5. Bg5 c6 6. e3 Bf5 7. Qf3 Bg6 8. Bxf6 Qxf6 9. Qxf6 gxf6 10. Nf3 Nd7 11. Nh4 Be7 12. Ne2 f5 13. Nf3 Bh5 14. Nd2 Bxe2 15. Kxe2 Nf6 16. g3 Ne4 17. h4 Bb4 18. Nf3 Ke7 19. Bh3 Kf6 20. Rhg1 Rhg8 21. Rg2 a5 22. a3 Bd6 23. Ne1 b6 24. Rd1 Ke6 25. g4 fxg4 26. Rxg4 Rxg4 27. Bxg4+ f5 28. Bh3 Rg8 29. Nf3 c5 30. Nd2 Be7 31. Rc1 Nxd2 32. Kxd2 Bxh4 33. dxc5 bxc5 34. Rxc5 Bxf2 35. Ke2 Bxe3 36. Kxe3 Rg3+ 37. Kd4 Rxh3 38. Rc6+ Ke7 39. Kxd5 Rb3 40. Ke5 Rb5+ 41. Kf4 Rxb2 42. Rc5 Rf2+ 43. Ke5 Kf7 44. Rxa5 h5 45. Ra6 Kg7 46. a4 h4 47. a5 h3 48. Ra7+ Kg6 49. Ra8 h2 50. Rh8 Kg5 51. Rg8+ Kh4 52. a6 Ra2 53. Rh8+ Kg3 54. Rg8+ Kf3 55. Rh8 f4 0-1

[Event "Ghent op 43rd"]
[Site "Ghent"]
[Date "2022.07.23"]
[Round "7"]
[White "Michiels, Bart"]
[Black "Sivuk, Vitaly"]
[Result "0-1"]
[WhiteElo "2571"]
[BlackElo "2565"]
[PlyCount "196"]
[EventDate "2022.07.20"]
[EventType "swiss"]
[EventRounds "9"]
[EventCountry "BEL"]
[SourceTitle "CBM 209 Extra"]
[Source "ChessBase"]
[SourceDate "2022.09.30"]
[SourceVersion "1"]
[SourceVersionDate "2022.09.30"]
[SourceQuality "1"]

1. d4 d5 2. c4 e6 3. Nc3 Bb4 4. Qa4+ Nc6 5. e3 Nf6 6. Bd2 0-0 7. a3 Bd6 8. f4 Bd7 9. Qc2 b6 10. Nf3 Ne7 11. Bd3 c5 12. dxc5 Bxc5 13. e4 dxc4 14. Bxc4 Ng4 15. b4 Ne3 16. Qd3 Nxc4 17. Qxc4 Bd6 18. 0-0 Rc8 19. Qe2 Ng6 20. e5 Be7 21. Rac1 a5 22. Nb5 axb4 23. axb4 Bc6 24. Nfd4 Ba8 25. Rxc8 Qxc8 26. f5 exf5 27. Nxf5 Bd5 28. Nxe7+ Nxe7 29. Nd6 Qe6 30. Bc3 Qg6 31. Rf2 Be6 32. Qc2 Qh5 33. Bd4 Nd5 34. Qe2 Qh4 35. Qe4 Qxe4 36. Nxe4 Ra8 37. Nc3 Nxb4 38. Bxb6 Nd3 39. Rd2 Bc4 40. h3 h6 41. Bc7 Ra3 42. Ne4 Be6 43. Kh2 Nf4 44. Rf2 Ng6 45. Nc5 Re3 46. Rf3 Re2 47. Nd3 Bc4 48. Nf4 Nxf4 49. Rxf4 Bd5 50. Rg4 Kh7 51. Rg3 g5 52. Bd8 Rxe5 53. h4 Kg6 54. hxg5 hxg5 55. Rd3 Be6 56. Kg1 Re2 57. Ba5 Ra2 58. Bd2 Bf5 59. Rd6+ Kh5 60. Rd5 Kg6 61. g4 Be6 62. Rxg5+ Kf6 63. Be3 Re2 64. Bf4 Re4 65. Bd2 Bxg4 66. Rc5 Re2 67. Bc3+ Kg6 68. Be5 Bf3 69. Bc7 Be4 70. Kf1 Ra2 71. Ke1 f5 72. Rc4 Kg5 73. Rd4 Kg4 74. Rd2 Ra1+ 75. Kf2 f4 76. Re2 Bd3 77. Rd2 Rf1+ 78. Kg2 f3+ 79. Kh2 Be4 80. Rd4 Re1 81. Rxe4+ Rxe4 82. Kg1 Rc4 83. Bb8 Rc8 84. Bd6 Rd8 85. Bc7 Rd7 86. Bb8 Kf5 87. Kf1 Ke4 88. Kf2 Rb7 89. Bd6 Rb5 90. Ba3 Rd5 91. Bc1 Rh5 92. Ba3 Rh2+ 93. Kf1 Rc2 94. Be7 f2 95. Kg2 Ke3 96. Bh4 Rb2 97. Bg3 f1Q+ 98. Kxf1 Kf3 0-1

[Event "Ghent op 43rd"]
[Site "Ghent"]
[Date "2022.07.21"]
[Round "4"]
[White "Van Kessel, Wessel"]
[Black "Michiels, Bart"]
[Result "0-1"]
[WhiteElo "2140"]
[BlackElo "2571"]
[PlyCount "80"]
[EventDate "2022.07.20"]
[EventType "swiss"]
[EventRounds "9"]
[EventCountry "BEL"]
[SourceTitle "CBM 209 Extra"]
[Source "ChessBase"]
[SourceDate "2022.09.30"]
[SourceVersion "1"]
[SourceVersionDate "2022.09.30"]
[SourceQuality "1"]

1. e4 d6 2. d4 Nf6 3. Nc3 e5 4. Nf3 Nbd7 5. Bc4 Be7 6. 0-0 0-0 7. Re1 a6 8. a4 b6 9. Ba2 Bb7 10. Bg5 h6 11. Bh4 Re8 12. h3 c6 13. Bg3 Qc7 14. Nh4 b5 15. Nf5 Bf8 16. d5 cxd5 17. Nxd5 Nxd5 18. Bxd5 Bxd5 19. exd5 g6 20. Ne3 f5 21. axb5 f4 22. bxa6 fxg3 23. fxg3 Bg7 24. b4 Qb6 25. Qg4 Nf6 26. Qxg6 Nxd5 27. Qd3 Nxe3 28. Rxe3 e4 29. Qb3+ Kh8 30. Rae1 Bd4 31. b5 d5 32. Kh2 Bxe3 33. Rxe3 d4 34. Re1 Ra7 35. Rf1 e3 36. Qd3 Rg7 37. Qe2 Qb8 38. Rf4 Rxg3 39. Kxg3 Rg8+ 40. Kf3 Qa8+ 0-1

[Event "BEL-chT 2122"]
[Site "Belgium"]
[Date "2021.12.05"]
[Round "3.2"]
[White "Lai, Hing Ting"]
[Black "Michiels, Bart"]
[Result "1/2-1/2"]
[WhiteElo "2439"]
[BlackElo "2566"]
[PlyCount "105"]
[EventDate "2021.10.24"]
[EventType "team-tourn"]
[EventRounds "11"]
[EventCountry "BEL"]
[SourceTitle "EXT 2023"]
[Source "ChessBase"]
[SourceDate "2022.10.05"]
[SourceVersion "1"]
[SourceVersionDate "2022.10.05"]
[SourceQuality "1"]
[WhiteTeam "Liege Crelel"]
[BlackTeam "Wachtebeke"]
[WhiteTeamCountry "BEL"]
[BlackTeamCountry "BEL"]

1. d4 d5 2. Nf3 Nf6 3. Bf4 e6 4. e3 c5 5. Nbd2 Nc6 6. c3 Be7 7. h3 0-0 8. Bd3 b6 9. Qe2 Bb7 10. 0-0 Nh5 11. Bh2 Bd6 12. Bxd6 Qxd6 13. Ne5 Nf6 14. f4 Ne7 15. Qf2 Ne4 16. Bxe4 dxe4 17. dxc5 bxc5 18. b4 f6 19. Nec4 Qc7 20. Na5 Bd5 21. Nab3 cxb4 22. cxb4 Qc3 23. b5 Nf5 24. Rac1 Qb4 25. g4 Nd6 26. Nd4 Rac8 27. Nc6 Bxc6 28. bxc6 Qb6 29. Nb3 Rxc6 30. Nd4 Rxc1 31. Rxc1 e5 32. Nc6 exf4 33. Qxf4 Re8 34. Nd4 Nf7 35. Qc7 Ng5 36. Qd7 Rd8 37. Rc8 Nf3+ 38. Kf2 Qb2+ 39. Ne2 Rxc8 40. Qxc8+ Kf7 41. Qc4+ Kf8 42. Qxe4 Ng5 43. Qa8+ Kf7 44. Qxa7+ Kg6 45. Qa8 Nxh3+ 46. Kg3 Kf7 47. Qd5+ Kf8 48. Qc5+ Ke8 49. Qc6+ Kf8 50. Qa8+ Kf7 51. Qa7+ Kf8 52. Qc5+ Ke8 53. Qc8+ 1/2-1/2

[Event "Online Olym Div2 A"]
[Site "Chess.com INT"]
[Date "2020.08.16"]
[Round "9.1"]
[White "Michiels, Bart"]
[Black "Maznitsin, Andrei"]
[Result "1-0"]
[WhiteElo "2570"]
[BlackElo "2277"]
[PlyCount "91"]
[EventDate "2020.08.14"]
[EventType "team-tourn (rapid)"]
[EventRounds "9"]
[EventCountry "USA"]
[SourceTitle "CBM 198"]
[Source "ChessBase"]
[SourceDate "2020.10.31"]
[SourceVersion "1"]
[SourceVersionDate "2020.10.31"]
[SourceQuality "1"]
[WhiteTeam "Belgium"]
[BlackTeam "Kyrgyzstan"]
[WhiteTeamCountry "BEL"]
[BlackTeamCountry "KGZ"]

1. c4 e6 2. Nc3 d5 3. d4 Nf6 4. cxd5 exd5 5. Bg5 Be7 6. e3 0-0 7. Bd3 c6 8. Qc2 Nbd7 9. Nf3 Re8 10. h3 Nf8 11. 0-0 Ng6 12. Ne5 Nh5 13. Bxe7 Qxe7 14. Nf3 Nf6 15. Rab1 Ne4 16. b4 Nh4 17. Bxe4 dxe4 18. Nxh4 Qxh4 19. Ne2 Bd7 20. Ng3 Re6 21. Rfd1 Rc8 22. Rbc1 h6 23. Qe2 a6 24. Rc5 Rg6 25. Qh5 Qe7 26. a3 Rg5 27. Qh4 Re8 28. Qf4 b6 29. Rxg5 hxg5 30. Qc7 b5 31. d5 Rc8 32. Qb7 Qe8 33. d6 Rd8 34. Qb6 f5 35. Qc5 Qe6 36. Rd4 Re8 37. Qa7 Rd8 38. Qxa6 f4 39. Nxe4 fxe3 40. fxe3 Qe5 41. Qb7 g4 42. hxg4 Qe6 43. Qb6 Rf8 44. Qc5 Qxg4 45. Nf6+ Rxf6 46. Rxg4 1-0

[Event "Online Olym Div2 A"]
[Site "Chess.com INT"]
[Date "2020.08.16"]
[Round "7.1"]
[White "Michiels, Bart"]
[Black "Svane, Rasmus"]
[Result "0-1"]
[WhiteElo "2570"]
[BlackElo "2613"]
[PlyCount "132"]
[EventDate "2020.08.14"]
[EventType "team-tourn (rapid)"]
[EventRounds "9"]
[EventCountry "USA"]
[SourceTitle "CBM 198"]
[Source "ChessBase"]
[SourceDate "2020.10.31"]
[SourceVersion "1"]
[SourceVersionDate "2020.10.31"]
[SourceQuality "1"]
[WhiteTeam "Belgium"]
[BlackTeam "Germany"]
[WhiteTeamCountry "BEL"]
[BlackTeamCountry "GER"]

1. c4 e6 2. Nc3 d5 3. d4 a6 4. cxd5 exd5 5. Nf3 Nf6 6. Bg5 Be6 7. e3 Nbd7 8. Bd3 Bd6 9. Qc2 c6 10. Bh4 h6 11. Bg3 Qc7 12. 0-0 0-0 13. Rab1 Bxg3 14. hxg3 Rfc8 15. Ne2 Bg4 16. Nf4 Qd6 17. Rfc1 g5 18. Ne2 Kg7 19. Nc3 Rh8 20. Re1 Rae8 21. Rbd1 Re7 22. Bf5 Rhe8 23. Bxg4 Nxg4 24. Qf5 Qe6 25. Qxe6 Rxe6 26. Ne2 Nb6 27. Nc1 Nc4 28. Nd3 R6e7 29. b3 Nd6 30. Nfe5 Nxe5 31. Nxe5 f6 32. Nd3 h5 33. Kf1 Nf5 34. Rd2 Kg6 35. Rde2 Rh8 36. Kg1 Rhe8 37. Kf1 Rh8 38. Kg1 Reh7 39. Nc5 Re8 40. Nd3 a5 41. Nc5 Rhe7 42. Kf1 h4 43. g4 Nd6 44. f3 f5 45. Nd3 fxg4 46. Ne5+ Rxe5 47. dxe5 Rxe5 48. e4 gxf3 49. gxf3 dxe4 50. fxe4 g4 51. Kg2 Kg5 52. Rd2 Re6 53. e5 Nf5 54. Rd8 Kf4 55. Rf1+ Ke4 56. Re1+ Ne3+ 57. Kg1 Rxe5 58. Rh8 h3 59. Kf2 Rf5+ 60. Kg3 Rf3+ 61. Kh2 Kd3 62. Rd8+ Kc3 63. Re2 g3+ 64. Kxh3 g2+ 65. Kh2 Rh3+ 66. Kxh3 g1Q 0-1

[Event "BEL-chT 1920"]
[Site "Belgium"]
[Date "2020.01.19"]
[Round "6.2"]
[White "Pruijssers, Roeland"]
[Black "Michiels, Bart"]
[Result "1/2-1/2"]
[WhiteElo "2550"]
[BlackElo "2563"]
[PlyCount "69"]
[EventDate "2019.09.29"]
[EventType "team-tourn"]
[EventRounds "11"]
[EventCountry "BEL"]
[SourceTitle "CBM 195 Extra"]
[Source "ChessBase"]
[SourceDate "2020.05.31"]
[SourceVersion "1"]
[SourceVersionDate "2020.05.31"]
[SourceQuality "1"]
[WhiteTeam "Echiquier Mosan"]
[BlackTeam "KGSRL"]
[WhiteTeamCountry "BEL"]
[BlackTeamCountry "BEL"]

1. e4 e6 2. d4 d5 3. Nd2 Nf6 4. e5 Nfd7 5. Bd3 c5 6. c3 Nc6 7. Ne2 cxd4 8. cxd4 f6 9. exf6 Nxf6 10. 0-0 Bd6 11. Nf3 0-0 12. Bf4 Bxf4 13. Nxf4 Ne4 14. Qc1 Ng5 15. Nxg5 Qxg5 16. Ne2 Qf6 17. Qe3 a6 18. Rad1 Bd7 19. Qh3 h6 20. Bb1 Be8 21. Qd3 Bh5 22. f3 Ne7 23. Qb3 Bg6 24. Bxg6 Nxg6 25. Qxb7 Rab8 26. Qxa6 Rxb2 27. Rb1 Rfb8 28. Qd3 Nf4 29. Rxb2 Rxb2 30. Nxf4 Qxf4 31. Rf2 Qc1+ 32. Rf1 Qg5 33. Rf2 Qc1+ 34. Rf1 Qg5 35. Rf2 1/2-1/2

[Event "Ghent Eastman op 42nd"]
[Site "Ghent"]
[Date "2019.07.23"]
[Round "8"]
[White "Gormally, Daniel"]
[Black "Michiels, Bart"]
[Result "1/2-1/2"]
[WhiteElo "2498"]
[BlackElo "2563"]
[PlyCount "119"]
[EventDate "2019.07.20"]
[EventType "swiss"]
[EventRounds "9"]
[EventCountry "BEL"]
[SourceTitle "CBM 191 Extra"]
[Source "ChessBase"]
[SourceDate "2019.09.30"]
[SourceVersion "1"]
[SourceVersionDate "2019.09.30"]
[SourceQuality "1"]

1. d4 d5 2. c4 e6 3. Nf3 Nf6 4. g3 Be7 5. Bg2 0-0 6. Nbd2 b6 7. 0-0 Bb7 8. cxd5 exd5 9. b3 Nbd7 10. Bb2 Bd6 11. Ne5 Ne4 12. Nxe4 dxe4 13. Rc1 Re8 14. Nc4 Bf8 15. Qc2 Nf6 16. Ne3 c6 17. Rfd1 Qe7 18. Nc4 Qe6 19. e3 Rac8 20. Qe2 c5 21. dxc5 Rxc5 22. Bd4 Rc7 23. Nd2 Rd7 24. Nc4 Rc7 25. Qb2 Nd7 26. Qb1 Nc5 27. Nd2 Rd7 28. Bxc5 Bxc5 29. b4 Bf8 30. Nb3 Rxd1+ 31. Rxd1 Bxb4 32. Nd4 Qe7 33. Nf5 Qf8 34. g4 g6 35. Ng3 Qe7 36. Qc2 a5 37. Qa4 Qe6 38. g5 Bc6 39. Qc2 Bc5 40. h4 Qg4 41. Rb1 Re6 42. Rd1 Re8 43. Rb1 Re5 44. Rxb6 Bxb6 45. Qxc6 Bxe3 46. Nxe4 Qd1+ 47. Bf1 Qg4+ 48. Bg2 Qd1+ 49. Bf1 Rf5 50. Qa8+ Kg7 51. Nf6 Bxf2+ 52. Kg2 Rxf6 53. gxf6+ Kxf6 54. Qc6+ Kg7 55. Kxf2 Qd2+ 56. Be2 Qxa2 57. Qc3+ Kg8 58. Qc8+ Kg7 59. Qc3+ Kg8 60. Qc8+ 1/2-1/2

[Event "Ghent Eastman op 42nd"]
[Site "Ghent"]
[Date "2019.07.22"]
[Round "5"]
[White "Michiels, Bart"]
[Black "Kitze, Alexander"]
[Result "1-0"]
[WhiteElo "2563"]
[BlackElo "2284"]
[PlyCount "119"]
[EventDate "2019.07.20"]
[EventType "swiss"]
[EventRounds "9"]
[EventCountry "BEL"]
[SourceTitle "CBM 191 Extra"]
[Source "ChessBase"]
[SourceDate "2019.09.30"]
[SourceVersion "1"]
[SourceVersionDate "2019.09.30"]
[SourceQuality "1"]

1. c4 e5 2. Nc3 Nc6 3. e3 f5 4. d4 d6 5. Be2 Nf6 6. Nf3 e4 7. Ng5 Be7 8. h4 0-0 9. h5 d5 10. Nh3 Be6 11. Nf4 Bf7 12. b3 dxc4 13. bxc4 Na5 14. Qa4 b6 15. Bd2 c5 16. d5 Qd7 17. Qxd7 Nxd7 18. Nb5 Bf6 19. Rc1 Nb7 20. g4 fxg4 21. Bxg4 Ne5 22. Bf5 a6 23. Nc7 Ra7 24. Nce6 Re8 25. Bxe4 Nd6 26. Bg2 Ndxc4 27. Bc3 Nd6 28. Ke2 Rc8 29. Rcg1 Be8 30. Rh2 b5 31. Bh1 b4 32. Ba1 c4 33. Bd4 Rb7 34. h6 Ng6 35. Nxg7 Bxd4 36. Nxe8 Rxe8 37. Nxg6 Kf7 38. Nf4 Bf6 39. Bf3 Reb8 40. Rhh1 b3 41. axb3 cxb3 42. Rc1 b2 43. Rc6 Nb5 44. Bh5+ Ke7 45. Re6+ Kd7 46. Rxf6 Nc3+ 47. Kf3 b1Q 48. Bg4+ Ke7 49. Re6+ Kf7 50. Rxb1 Nxb1 51. Bf5 a5 52. Bxh7 a4 53. Ra6 Nc3 54. Ne2 Nxd5 55. Be4 Nb4 56. Rxa4 Re7 57. Nf4 Kg8 58. h7+ Kg7 59. Rxb4 Rxb4 60. h8Q+ 1-0

[Event "Ghent Eastman op 42nd"]
[Site "Ghent"]
[Date "2019.07.21"]
[Round "4"]
[White "Cordts, Ingo"]
[Black "Michiels, Bart"]
[Result "0-1"]
[WhiteElo "2212"]
[BlackElo "2563"]
[PlyCount "86"]
[EventDate "2019.07.20"]
[EventType "swiss"]
[EventRounds "9"]
[EventCountry "BEL"]
[SourceTitle "CBM 191 Extra"]
[Source "ChessBase"]
[SourceDate "2019.09.30"]
[SourceVersion "1"]
[SourceVersionDate "2019.09.30"]
[SourceQuality "1"]

1. Nf3 d6 2. d4 g6 3. c4 f5 4. g3 Bg7 5. Nc3 Nf6 6. Bg2 0-0 7. b4 e5 8. dxe5 dxe5 9. Qb3 e4 10. Ng5 Nc6 11. Bb2 Nd4 12. Qd1 Ng4 13. Nh3 Be6 14. Nd5 Bxd5 15. cxd5 Qxd5 16. e3 Nf3+ 17. Bxf3 Qxd1+ 18. Kxd1 Bxb2 19. Rb1 Rad8+ 20. Kc2 exf3 21. Rxb2 Rf6 22. Kb1 Rfd6 23. Rc1 R8d7 24. b5 Rd1 25. Rbc2 Rxc1+ 26. Kxc1 Nxh2 27. Ng5 Re7 28. Rd2 h6 29. Nh3 g5 30. Rd5 f4 31. gxf4 g4 32. Ng1 Rxe3 33. fxe3 f2 34. Rd1 f1Q 35. Rxf1 Nxf1 36. e4 Ng3 37. e5 h5 38. Kd2 h4 39. Ne2 Nxe2 40. Kxe2 h3 41. Kf2 h2 42. Kg2 g3 43. f5 Kf7 0-1

[Event "BEL-chT 1819"]
[Site "Belgium"]
[Date "2019.04.07"]
[Round "11.1"]
[White "Godart, Francois"]
[Black "Michiels, Bart"]
[Result "0-1"]
[WhiteElo "2431"]
[BlackElo "2554"]
[PlyCount "94"]
[EventDate "2018.09.30"]
[EventType "team-tourn"]
[EventRounds "11"]
[EventCountry "BEL"]
[SourceTitle "CBM 189 Extra"]
[Source "ChessBase"]
[SourceDate "2019.06.03"]
[SourceVersion "1"]
[SourceVersionDate "2019.06.03"]
[SourceQuality "1"]
[WhiteTeam "Liege Crelel"]
[BlackTeam "KGSRL"]
[WhiteTeamCountry "BEL"]
[BlackTeamCountry "BEL"]

1. e4 e6 2. d4 d5 3. exd5 exd5 4. Nf3 Nc6 5. Bb5 Bd6 6. c4 dxc4 7. d5 a6 8. Ba4 b5 9. dxc6 bxa4 10. Nbd2 Qe7+ 11. Qe2 Qxe2+ 12. Kxe2 Be6 13. Ne4 Ne7 14. Rd1 Bd5 15. Nxd6+ cxd6 16. Bf4 0-0-0 17. Rac1 Ng6 18. Be3 Bxf3+ 19. Kxf3 d5 20. Kg3 Ne5 21. Rc3 Nxc6 22. b3 Kb7 23. bxa4 Kc7 24. Rb1 Kd6 25. Rb7 d4 26. Bf4+ Kd5 27. Rf3 f6 28. Bc7 Rd7 29. Rf5+ Ne5 30. f4 Kc6 31. Rb4 d3 32. fxe5 d2 33. Rf1 Rd3+ 34. Kf2 d1Q 35. Rxc4+ Kd5 36. Rxd1 Rxd1 37. Rg4 fxe5 38. Rxg7 Ke6 39. Rg5 Rd5 40. Rh5 h6 41. Ke3 Rc5 42. Bb6 Rc3+ 43. Kd2 Ra3 44. a5 Rxa2+ 45. Kd3 Rxg2 46. h3 Kd5 47. h4 Rf8 0-1

[Event "BEL-chT 1819"]
[Site "Belgium"]
[Date "2019.03.31"]
[Round "10.3"]
[White "Michiels, Bart"]
[Black "Draftian, Ashote"]
[Result "1-0"]
[WhiteElo "2554"]
[BlackElo "2206"]
[PlyCount "127"]
[EventDate "2018.09.30"]
[EventType "team-tourn"]
[EventRounds "11"]
[EventCountry "BEL"]
[SourceTitle "CBM 189 Extra"]
[Source "ChessBase"]
[SourceDate "2019.06.03"]
[SourceVersion "1"]
[SourceVersionDate "2019.06.03"]
[SourceQuality "1"]
[WhiteTeam "KGSRL"]
[BlackTeam "Jean Jaures"]
[WhiteTeamCountry "BEL"]
[BlackTeamCountry "BEL"]

1. d4 f5 2. g3 Nf6 3. Bg2 e6 4. c4 d5 5. Nd2 Bd6 6. Nh3 c6 7. 0-0 0-0 8. Nf3 dxc4 9. Nd2 b5 10. a4 Nd5 11. e4 fxe4 12. Nxe4 a6 13. Re1 Bb4 14. Bd2 Ra7 15. Bxb4 Nxb4 16. Nc5 Qf6 17. Qd2 Nd3 18. Nxd3 Qxd4 19. Qb4 Qxd3 20. Nf4 Qd4 21. Rad1 Qb6 22. a5 Qc7 23. Nxe6 Bxe6 24. Rxe6 Qf7 25. Qe1 Rd7 26. Rxd7 Qxd7 27. Re7 Qd4 28. Qe6+ Kh8 29. Qf7 Qf6 30. Qxf6 gxf6 31. Bh3 f5 32. f4 Kg8 33. Rb7 c5 34. Rc7 b4 35. Rxc5 c3 36. bxc3 b3 37. Rc7 Rf7 38. Rc8+ Rf8 39. Rc4 Nd7 40. Rb4 Nc5 41. Bf1 Re8 42. Bc4+ Kg7 43. Bxb3 Re1+ 44. Kg2 Ra1 45. Kh3 Nxb3 46. Rxb3 Rxa5 47. Kh4 h6 48. Rb7+ Kg6 49. Rb6+ Kg7 50. Kh5 Ra2 51. Rg6+ Kf7 52. Kxh6 Rxh2+ 53. Kg5 Rc2 54. Rf6+ Ke7 55. Rxf5 Rxc3 56. g4 Ra3 57. Kg6 a5 58. g5 a4 59. Ra5 Ra1 60. f5 a3 61. f6+ Ke6 62. Ra6+ Kd7 63. f7 Ke7 64. Ra7+ 1-0

[Event "BEL-chT 1819"]
[Site "Belgium"]
[Date "2018.12.02"]
[Round "5.1"]
[White "Berelowitsch, Alexander"]
[Black "Michiels, Bart"]
[Result "1/2-1/2"]
[WhiteElo "2521"]
[BlackElo "2554"]
[PlyCount "65"]
[EventDate "2018.09.30"]
[EventType "team-tourn"]
[EventRounds "11"]
[EventCountry "BEL"]
[SourceTitle "CBM 187 Extra"]
[Source "ChessBase"]
[SourceDate "2018.11.04"]
[SourceVersion "1"]
[SourceVersionDate "2018.11.04"]
[SourceQuality "1"]
[WhiteTeam "KSK Rochade"]
[BlackTeam "KGSRL"]
[WhiteTeamCountry "BEL"]
[BlackTeamCountry "BEL"]

1. e4 e6 2. d4 d5 3. Nd2 Nf6 4. e5 Nfd7 5. Bd3 c5 6. c3 Nc6 7. Ne2 cxd4 8. cxd4 f6 9. exf6 Nxf6 10. 0-0 Bd6 11. Nf3 0-0 12. Bf4 Bxf4 13. Nxf4 Ne4 14. Qc1 Ng5 15. Nxg5 Qxg5 16. Ne2 Qxc1 17. Raxc1 a6 18. f3 Bd7 19. Kf2 Rac8 20. Rfd1 Kf7 21. Ke3 Ke7 22. f4 Rf6 23. Ng1 Be8 24. Rd2 Bg6 25. Bxg6 Rxg6 26. Nf3 Kd8 27. Ne5 Nxe5 28. Rxc8+ Kxc8 29. fxe5 Kd8 30. Rf2 Ke8 31. Rc2 Kd8 32. Rf2 Ke8 33. Rc2 1/2-1/2

[Event "BEL-chT 1819"]
[Site "Belgium"]
[Date "2018.10.28"]
[Round "3.1"]
[White "Michiels, Bart"]
[Black "Lagarde, Maxime"]
[Result "1/2-1/2"]
[WhiteElo "2554"]
[BlackElo "2615"]
[PlyCount "92"]
[EventDate "2018.09.30"]
[EventType "team-tourn"]
[EventRounds "11"]
[EventCountry "BEL"]
[SourceTitle "CBM 187 Extra"]
[Source "ChessBase"]
[SourceDate "2018.11.04"]
[SourceVersion "1"]
[SourceVersionDate "2018.11.04"]
[SourceQuality "1"]
[WhiteTeam "KGSRL"]
[BlackTeam "Fontaine"]
[WhiteTeamCountry "BEL"]
[BlackTeamCountry "BEL"]

1. d4 Nf6 2. c4 g6 3. Nf3 Bg7 4. g3 d5 5. cxd5 Nxd5 6. Bg2 Nb6 7. Nc3 Nc6 8. e3 0-0 9. 0-0 e5 10. d5 Na5 11. e4 c6 12. Bg5 Bf6 13. Bxf6 Qxf6 14. Nd2 Qe7 15. Qe2 Bd7 16. a3 c5 17. b3 Rac8 18. Rab1 c4 19. b4 Nb3 20. Nxb3 cxb3 21. Rxb3 Rc4 22. Rc1 Rfc8 23. Qe1 Ba4 24. Rbb1 Qc7 25. Ne2 Bc2 26. Ra1 Qd7 27. f3 Na4 28. Qd2 Qd6 29. Qe3 b6 30. Bh3 R8c7 31. Ra2 a5 32. Qd2 Bd3 33. Rxc4 Bxc4 34. Rc2 Bxe2 35. Qxe2 axb4 36. Rxc7 Qxc7 37. axb4 Qc3 38. Qb5 Qe3+ 39. Kg2 Qd2+ 40. Kg1 Qd4+ 41. Kg2 Nc3 42. Qe8+ Kg7 43. Be6 Qd2+ 44. Kh3 Qh6+ 45. Kg2 Qd2+ 46. Kh3 Qh6+ 1/2-1/2

[Event "BEL-chT 1819"]
[Site "Belgium"]
[Date "2018.10.07"]
[Round "2.1"]
[White "Zelbel, Patrick"]
[Black "Michiels, Bart"]
[Result "0-1"]
[WhiteElo "2434"]
[BlackElo "2554"]
[PlyCount "118"]
[EventDate "2018.09.30"]
[EventType "team-tourn"]
[EventRounds "11"]
[EventCountry "BEL"]
[SourceTitle "CBM 186 Extra"]
[Source "ChessBase"]
[SourceDate "2018.08.24"]
[SourceVersion "1"]
[SourceVersionDate "2018.08.24"]
[SourceQuality "1"]
[WhiteTeam "KSK47 Eynatten"]
[BlackTeam "KGSRL"]
[WhiteTeamCountry "BEL"]
[BlackTeamCountry "BEL"]

1. e4 e6 2. d4 d5 3. Nd2 Nf6 4. e5 Nfd7 5. Bd3 c5 6. c3 Nc6 7. Ne2 cxd4 8. cxd4 f6 9. exf6 Nxf6 10. Nf3 Bd6 11. 0-0 0-0 12. Bf4 Bxf4 13. Nxf4 Ne4 14. Ne2 Bd7 15. Ng3 Ng5 16. Ne5 Nxe5 17. dxe5 Nf7 18. f4 Qb6+ 19. Kh1 Bb5 20. Bxb5 Qxb5 21. Qg4 Qd7 22. Rad1 Nh6 23. Qe2 Qe7 24. Rd3 g6 25. Qd2 Qh4 26. Kg1 Ng4 27. h3 Nh6 28. Ne2 Nf5 29. g4 Ng7 30. Nd4 Rac8 31. Qg2 Kh8 32. Kh2 a6 33. Qg3 Qxg3+ 34. Kxg3 Kg8 35. b3 Kf7 36. a4 Ke7 37. Nf3 Rc2 38. Nd4 Rc7 39. Rff3 Rfc8 40. Kh4 h6 41. f5 exf5 42. gxf5 Nxf5+ 43. Nxf5+ gxf5 44. Rxf5 Rc3 45. Rxc3 Rxc3 46. Rf6 Rc6 47. Rf5 Rc3 48. Rf6 Rc6 49. Rf5 Ke6 50. Rh5 Rc3 51. Rxh6+ Kxe5 52. Rb6 Rc7 53. Kg4 Ke4 54. Re6+ Kd3 55. h4 d4 56. Rd6 Ke3 57. b4 d3 58. b5 axb5 59. axb5 d2 0-1